000 01202nam a2200325 i 4500
001 42046
003 KOSZ 005
005 20220318141004.0
008 030202s2002 pl f |000 0 pol
040 _cKOSZ 005
_aKOSZ 005
_dKOSZ 005/HR
046 _k2002
080 _a621.31-192
100 1 _aPaska, Józef
_eAutor
245 1 0 _aOcena niezawodności podsystemu wytwórczego systemu elekteroenergetycznego /
_cJózef Paska.
260 _aWarszawa :
_bOficyna Wydawnicza Politechniki Warszawskiej,
_c2002.
300 _a157 s. :
_bwykr. ;
_c24 cm.
380 _aKsiążki
380 _aPublikacje naukowe
388 _a2001-
490 1 _aPrace Naukowe. Elektryka / Politechnika Warszawska,
_x0137-2319 ;
_vz. 120
500 _aStreszcz. ang.
504 _aBibliogr.
650 4 _aElektroenergetyka
650 4 _aNiezawodność urządzeń
658 _aInżynieria i technika
710 2 _aOficyna Wydawnicza Politechniki Warszawskiej
_4pbl
830 0 _aPrace Naukowe - Politechnika Warszawska.
_p Elektryka
_vz. 120
856 _uhttp://koha.tu.koszalin.pl/cgi-bin/koha/opac-detail.pl?biblionumber=42046
_yKatalog online BPK
942 _cKS
_2UKD
999 _c42046
_d42046